| 000 | 00529nam a22002177a 4500 | ||
|---|---|---|---|
| 003 | UA-OsUOA | ||
| 001 | 60475 | ||
| 007 | ta | ||
| 008 | 20090521b un ||||| |||| 00| 0 ukr d | ||
| 090 |
_a908(477.82) _bП35 |
||
| 942 | _cBR | ||
| 040 |
_aUA-OsUOA _bukr _cUA-OsUOA _dUA-OsUOA |
||
| 245 | _aПисьменники великої Волині | ||
| 300 | _a10 с. | ||
| 955 | _a2 | ||
| 041 | _aukr | ||
| 080 | _a908(477.82) | ||
| 260 |
_aЛуцьк _c2000 |
||
| 650 | 7 |
_a908 Краєзнавство _2UDC |
|
| 999 |
_c346452 _d346452 |
||